|
|
|
|
| LEADER |
00699nam a22001931a 4500 |
| 020 |
|
|
|a 9788125042792
|c 0.00
|
| 040 |
|
|
|a SSUS - Library - Kalady
|
| 082 |
|
|
|a 294.592 304 6
|b KEV/S
|
| 100 |
|
|
|a Kevin McGrath
|
| 245 |
|
|
|a Stri : feminine power in the Mahabharata
|h [Text]
|
| 260 |
|
|
|a New Delhi
|b Orient Blackswan
|c 2009
|
| 300 |
|
|
|a 232p.
|
| 600 |
|
|
|a Mahabharata Study
|
| 600 |
|
|
|a Religion
|
| 600 |
|
|
|a Women Heroes Mahabharata
|
| 852 |
|
|
|h 294.592 304 6
|i KEV/S
|p 062989
|9 545.00
|t 0
|
| 942 |
|
|
|c BK
|
| 999 |
|
|
|c 44380
|d 44380
|
| 952 |
|
|
|0 0
|1 0
|4 0
|6 294_592000000000000_304_6_KEV_S
|7 0
|9 64196
|a SSUS
|b SSUS
|c STACKS
|d 2015-01-08
|g 545.00
|l 16
|m 1
|o 294.592 304 6 KEV/S
|p 062989
|r 2020-11-18
|s 2020-01-01
|v 0.00
|w 2015-01-08
|y BK
|